[Event "13th Agzamov Memorial 2019"]
[Site "Tashkent"]
[Date "2019.03.17"]
[Round "8.4"]
[White "Abdisalimov, Abdimalik"]
[Black "Kazakovskiy, Valeriy"]
[Result "0-1"]
[WhiteElo "2375"]
[BlackElo "2456"]
[Annotator "RC"]
[PlyCount "94"]
[EventDate "2019.03.12"]
[EventType "swiss"]
[EventCountry "UZB"]
[SourceTitle "playchess.com"]
[Source "ChessBase"]
[SourceQuality "1"]
[TimeControl "5400+30"]

1. e4 {[%emt 0:00:00]} e5 {[%emt 0:00:01]} 2. Nc3 {[%emt 0:11:39]} Nf6 {[%emt 0:01:03]} 3. g3 {[%emt 0:01:08]} d5 {[%emt 0:00:14]} 4. exd5 {[%emt 0:00:07]} Nxd5 {[%emt 0:00:09]} 5. Bg2 {[%emt 0:00:05]} Nxc3 {[%emt 0:00:14]} 6. bxc3 {[%emt 0:00:05]} Nc6 {[%emt 0:00:10]} 7. d3 {[%emt 0:00:13]} Bc5 {[%emt 0:00:44]} 8. Nf3 {[%emt 0:01:15]} O-O {[%emt 0:00:27]} 9. O-O {[%emt 0:00:19]} Qf6 {[%emt 0:00:16]} 10. Nd2 {[%emt 0:00:48]} Qg6 {[%emt 0:01:16]} 11. Nb3 {[%emt 0:01:04]} Bd6 {[%emt 0:06:43]} 12. Be3 {[%emt 0:05:48]} Bg4 {[%emt 0:01:45]} 13. Qb1 {[%emt 0:05:47]} Rfe8 {[%emt 0:08:02]} 14. Re1 {[%emt 0:03:46]} Bf8 {[%emt 0:02:20]} 15. a4 {[%emt 0:09:35]} Rad8 {[%emt 0:03:14]} 16. Bc5 {[%emt 0:02:56]} b6 {[%emt 0:12:05]} 17. Bxf8 {[%emt 0:00:37]} Kxf8 {[%emt 0:00:22]} 18. a5 {[%emt 0:00:26]} Bd7 {[%emt 0:06:14]} 19. axb6 {[%emt 0:08:58]} cxb6 {[%emt 0:03:28]} 20. Qb2 {[%emt 0:01:13]} Kg8 {[%emt 0:04:40]} 21. c4 {[%emt 0:02:37]} Qd6 {[%emt 0:01:38]} 22. Ra3 {[%emt 0:13:47]} Qc7 {[%emt 0:03:22]} 23. Rea1 {[%emt 0:00:06]} Rb8 {[%emt 0:04:07]} 24. Qc1 {[%emt 0:06:50]} a5 {[%emt 0:01:38]} 25. c5 {[%emt 0:03:35]} b5 {[%emt 0:04:21]} 26. Rxa5 {[%emt 0:13:31]} Nxa5 {[%emt 0:00:51]} 27. Rxa5 {[%emt 0:00:02]} Bc6 {[%emt 0:02:47]} 28. Qa1 {[%emt 0:02:29]} Bxg2 {[%emt 0:04:47]} 29. Kxg2 {[%emt 0:00:01]} Qc6+ {[%emt 0:01:50]} 30. f3 {[%emt 0:00:15]} Ra8 {[%emt 0:00:54]} 31. Qc3 {[%emt 0:00:31]} Rxa5 {[%emt 0:01:26]} 32. Nxa5 {[%emt 0:00:01]} Qd5 {[%emt 0:00:48]} 33. Qb4 {[%emt 0:03:01]} Rc8 {[%emt 0:01:15]} 34. c6 {[%emt 0:01:26]} Qa2 {[%emt 0:03:16]} 35. Qxb5 {[%emt 0:01:06]} Qxc2+ {[%emt 0:00:09]} 36. Kh3 {[%emt 0:00:01]} Qa2 {[%emt 0:02:13]} 37. Nc4 {[%emt 0:00:16]} Qa7 {[%emt 0:05:51]} 38. Qxe5 {[%emt 0:00:42]} Qc7 {[%emt 0:03:01]} 39. Qf5 {[%emt 0:02:12]} Qxc6 {[%emt 0:01:07]} 40. Ne5 {[%emt 0:00:01]} Qh6+ {[%emt 0:01:18]} 41. Kg4 {[%emt 0:00:01]} Rf8 {[%emt 0:00:40]} 42. h4 {[%emt 0:00:51]} Qd6 {[%emt 0:00:20]} 43. h5 {[%emt 0:00:36]} g6 {[%emt 0:01:00]} 44. hxg6 {[%emt 0:00:05]} hxg6 {[%emt 0:00:56]} 45. Qf4 {[%emt 0:00:00]} Qe6+ {[%emt 0:00:23]} 46. Kh4 {[%emt 0:00:07]} Kg7 {[%emt 0:00:08]} 47. g4 {[%emt 0:00:01]} f6 {[%emt 0:00:09]} 0-1

[Event "13th Agzamov Memorial 2019"]
[Site "Tashkent"]
[Date "2019.03.17"]
[Round "8.5"]
[White "Tillyaev, Ulugbek"]
[Black "Khusenkhojaev, Muhammad"]
[Result "1/2-1/2"]
[WhiteElo "2304"]
[BlackElo "2441"]
[Annotator "TA"]
[PlyCount "41"]
[EventDate "2019.03.12"]
[EventType "swiss"]
[EventCountry "UZB"]
[SourceTitle "playchess.com"]
[Source "ChessBase"]
[SourceQuality "1"]

{[%evp 16,41,14,14,20,16,27,13,49,20,33,0,28,0,0,11,0,-19,-14,-11,0,0,0,0,-7,-18,-14,0]} 1. d4 Nf6 2. Nf3 d5 3. Bf4 c5 4. e3 Nc6 5. c3 e6 6. Nbd2 Bd6 7. Bg3 Bxg3 8. hxg3 Qd6 9. Bb5 Bd7 {D02: 1 d4 d5 2 Nf3 sidelines, including 2...Nf6 3 g3 and 2...Nf6 3 Bf4} 10. Bxc6 Bxc6 11. Ne5 Qc7 12. Qc2 $146 ({Predecessor:} 12. Qf3 h6 13. Qf4 Qe7 14. g4 Nh7 15. Qg3 Rg8 16. O-O Nf6 17. Rac1 {1-0 (29) Carlsen,M (2857)-Ghaem Maghami,E (2566) Baku 2016}) 12... cxd4 13. cxd4 Rc8 14. O-O Nd7 {The position is equal.} 15. Ndf3 f6 16. Nxd7 Bxd7 17. Qd2 O-O 18. Rfc1 Qb6 19. Rxc8 Rxc8 20. Rc1 Rxc1+ 21. Qxc1 1/2-1/2

[Event "13th Agzamov Memorial 2019"]
[Site "Tashkent"]
[Date "2019.03.17"]
[Round "8.6"]
[White "Yakubboev, Nodirbek"]
[Black "Barsov, Alexei"]
[Result "1-0"]
[WhiteElo "2569"]
[BlackElo "2380"]
[Annotator "TA"]
[PlyCount "87"]
[EventDate "2019.03.12"]
[EventType "swiss"]
[EventCountry "UZB"]
[SourceTitle "playchess.com"]
[Source "ChessBase"]
[SourceQuality "1"]

{[%evp 12,87,15,18,24,17,41,24,24,24,24,24,26,25,23,22,13,18,9,10,33,0,0,0,36,0,15,-12,-4,-5,-17,-15,0,-63,-72,-84,-23,-14,-9,-9,-9,-7,226,13,13,13,12,0,0,-16,-10,-5,69,0,0,0,0,0,0,-33,-30,-25,0,-8,-8,-8,0,0,0,0,240,242,775,760,714,216,649,528]} 1. d4 d5 2. c4 e6 3. Nf3 Nf6 4. Nc3 Be7 5. Bf4 O-O 6. e3 b6 7. Bd3 dxc4 {D37: Queen's Gambit Declined: 5 Bf4} 8. Bxc4 Ba6 9. Qe2 Bxc4 {White has an edge.} 10. Qxc4 c5 11. dxc5 bxc5 12. O-O Nc6 13. Rac1 Rc8 {[#]} 14. Rfd1 $146 ({Predecessor:} 14. Ne5 Qb6 15. Nxc6 Rxc6 {1-0 (97) Carlsen,M (2842)-Nakamura,H (2777) Saint Louis 2018}) 14... Qb6 15. Na4 Qb7 16. Bd6 Bxd6 17. Rxd6 Nd5 18. e4 Nf4 19. Kh1 Na5 20. Qa6 $1 {[%cal Ra6a5]} Qb4 21. Rcd1 {And now Qxc8! would win.} h6 22. b3 (22. Nc3 $1 $11 c4 23. Ne5 (23. Qxa7 $2 Nd3 $19)) 22... c4 $15 23. R6d4 ({Avoid the trap} 23. Qxa7 $2 c3 $17) ({Of course not} 23. a3 Qxa3 24. Qxa5 c3 $19) 23... Ne2 ({Better is} 23... Qa3 $1 $17 {Strongly threatening ...c3.} 24. e5 (24. Qxa5 c3 $17) 24... Nd3) 24. R4d2 $11 Rc6 25. Qxa7 cxb3 26. axb3 Nc1 $2 {[#]} (26... Qb5 $11) 27. Ne5 $2 (27. Rd8 $1 $18 Ncxb3 28. Ne5) 27... Rcc8 28. Rd7 {[%cal Rd7f7]} Nc6 $1 {[%cal Rc6a7]} 29. Nxc6 Rxc6 30. Qb7 Qxb7 31. Rxb7 Ra8 (31... Nd3 $1 $11 32. Kg1 Rc2) 32. Nb6 ({White should try} 32. g3 $14) 32... Nd3 33. Kg1 Ra2 34. Nc4 {Threatens to win with h3.} Nxf2 35. Re1 Nd3 36. Rd1 Nc5 37. Rb8+ Kh7 38. Ne5 $132 {[%mdl 2048] White is not holding back} Rc7 39. Rdd8 $1 {[%csl Gb8][%cal Rd8h8]} Ra1+ 40. Kf2 {[%csl Gb8][%cal Rd8h8]} Nxe4+ $2 (40... g6 $11 {and Black has nothing to worry.}) 41. Kf3 $18 {[%csl Gb8][%cal Rd8h8]} Ng5+ $2 {[#]} (41... g6) 42. Ke2 $1 {[%csl Gb8][%cal Rd8h8]} g6 43. Nd7 $2 (43. Ng4 {Intending Rh8+ and mate.} f5 44. Nf6+ Kg7 45. Ne8+ {[%mdl 64] Double Attack} Kf7 46. Nxc7) 43... f5 $2 (43... Rxd7 44. Rxd7 Rh1) 44. Nf6+ {Accuracy: White = 51%, Black = 46%.} 1-0

[Event "13th Agzamov Memorial 2019"]
[Site "Tashkent"]
[Date "2019.03.17"]
[Round "8.7"]
[White "Korneev, Oleg"]
[Black "Fayzullaev, Akmal"]
[Result "0-1"]
[WhiteElo "2559"]
[BlackElo "2370"]
[Annotator "TA"]
[PlyCount "67"]
[EventDate "2019.03.12"]
[EventType "swiss"]
[EventCountry "UZB"]
[SourceTitle "playchess.com"]
[Source "ChessBase"]
[SourceQuality "1"]

{[%evp 12,67,29,-3,38,16,25,0,0,3,41,43,46,40,50,0,8,-17,-26,-27,-13,-37,-7,-7,-4,0,-9,-10,19,18,23,25,31,25,16,-1,0,-16,-10,-547,-536,-629,-449,-418,-416,-758,-760,-1208,-922,-1393,-978,-1105,-312,-697,-690,-1408,-1353,-29987]} 1. e4 c6 2. d4 d5 3. e5 Bf5 4. Nf3 e6 5. Be2 Ne7 6. O-O h6 7. b3 Ng6 {B12: Caro-Kann: Advance Variation} (7... Nd7 8. c4 Bh7 9. Nc3 Ng6 10. Bd3 Bb4 11. Ne2 O-O 12. Qc2 Re8 13. Nf4 Ndf8 14. Nh5 Nh4 15. Bxh7+ Nxh7 16. Qd3 {½-½ (68) Ponkratov,P (2622)-Bocharov,D (2576) Voronezh 2018}) 8. c4 Be7 9. Na3 {[%cal Bb1a3,Ba3c2,Bc2e3,Be3g4][%mdl 32]} O-O $146 {The position is equal.} ({Predecessor:} 9... Qa5 10. Nc2 Nd7 11. Bd2 Qd8 12. cxd5 cxd5 13. Nfe1 Ngf8 14. Ne3 Be4 15. f3 {½-½ (26) Sepp,O (2431)-Karner,H (2297) Estonia 2003}) 10. Nc2 f6 11. exf6 Bxf6 12. Ne3 Be4 13. Ng4 Nd7 14. Ba3 Be7 15. Bxe7 Qxe7 16. Nd2 Bf5 (16... Nf4 $5 {[%cal Re4g2]} 17. Nxe4 dxe4 $11) 17. Ne3 Nf4 18. Nxf5 exf5 19. Re1 Qd6 20. Bf1 Rae8 21. Qc2 Qg6 22. g3 Qg4 23. f3 Qg5 24. Qc3 Nh5 $40 {[%mdl 128] Black attacks.} 25. Qd3 $2 {[%mdl 8192] [#]} (25. Bg2 $11 f4 26. Nf1) 25... Nxg3 $1 $19 {[%mdl 512] ( -> ...Ne2+)} 26. Rxe8 (26. hxg3 Qxg3+) 26... Nh5+ 27. Kh1 Rxe8 28. cxd5 (28. Bh3 $142 Qh4 29. Qxf5 Qxd4 30. Rf1) 28... Nf4 29. Qc2 cxd5 30. Rd1 Nf6 31. Nb1 {[#]} Kh7 $2 (31... Re2 $1 {[%mdl 512]} 32. Qc7 (32. Bxe2 Qg2#) 32... Rf2) 32. Nc3 $2 (32. Qf2) 32... Re3 33. Bd3 Nxd3 34. a3 {Accuracy: White = 31%, Black = 55%.} 0-1

[Event "13th Agzamov Memorial 2019"]
[Site "Tashkent"]
[Date "2019.03.17"]
[Round "8.8"]
[White "Khoroshev, Nikita"]
[Black "Ivanov, Sergey"]
[Result "1-0"]
[WhiteElo "2410"]
[BlackElo "2509"]
[Annotator "TA"]
[PlyCount "79"]
[EventDate "2019.03.12"]
[EventType "swiss"]
[EventCountry "UZB"]
[SourceTitle "playchess.com"]
[Source "ChessBase"]
[SourceQuality "1"]

{[%evp 24,79,-20,-34,-27,-23,-25,-26,-30,-70,-57,-70,0,-75,-20,-68,-21,-26,0,0,0,0,45,20,66,-8,-4,-10,0,0,0,0,0,0,0,0,0,0,411,0,0,0,412,0,0,0,402,393,382,342,820,806,29991,29991,29991,29992,29997,29997]} 1. d4 d5 2. Nf3 Nf6 3. Bf4 c5 4. c3 e6 5. e3 Nc6 6. Nbd2 Bd6 7. Bg3 O-O 8. Bd3 b6 9. e4 {D02: 1 d4 d5 2 Nf3 sidelines, including 2...Nf6 3 g3 and 2...Nf6 3 Bf4} (9. Qe2 Bb7 10. Rd1 Re8 11. e4 Be7 12. e5 Nh5 13. h4 cxd4 14. Nxd4 Nxg3 15. fxg3 Bc5 16. N2f3 f5 {½-½ (45) Esipenko,A (2593)-Karjakin,S (2753) St Petersburg 2018}) 9... Be7 10. e5 Nh5 11. Ng5 Bxg5 12. Qxh5 g6 13. Qe2 {LiveBook: 26 Games} cxd4 14. h4 $1 {[%cal Rh4g5]} Be7 {Black wants to play ...dxc3.} 15. h5 g5 16. f4 dxc3 17. bxc3 f6 $146 (17... gxf4 $15 18. Bxf4 Kh8) 18. fxg5 (18. exf6 $11 Bxf6 19. O-O) 18... fxe5 (18... Nxe5 $17 19. Bxh7+ Kxh7 20. gxf6 Bxf6 21. Bxe5 Bxe5 22. Qxe5 Qf6) 19. Qg4 e4 {[#]} 20. Nxe4 $1 {[%mdl 512]} dxe4 (20... e5 $5 {[%cal Rc8g4]} 21. Qh4 a6 $15) 21. Qxe4 {[%csl Gd3][%cal Re4h7]} Rf5 22. Bc4 $1 Rd5 ({But not} 22... Rxg5 $6 23. Qxc6 Rxg3 24. Rd1 $16) 23. O-O {Strongly threatening Rf7!} Bc5+ 24. Kh1 ({Better is} 24. Bf2 $14) 24... Qxg5 $11 25. Rf4 $1 {[%cal Rf4g4]} Qxh5+ 26. Rh4 Qg6 $1 {[%cal Rg6e4] aiming for ...Qxe4.} ({Don't blunder} 26... Rd1+ $2 27. Kh2 $18) 27. Bxd5 exd5 28. Qxd5+ Kh8 $1 29. Rf1 {Black must now prevent Be5+.} Bb7 $1 {...Be7 is the strong threat.} ({Avoid the trap} 29... Qxg3 $2 30. Rxh7+ $1 {[%mdl 512]} Kxh7 31. Qh5+ Kg8 32. Qe8+ Kh7 33. Rf7+ Qg7 34. Rxg7+ Kxg7 35. Qxc6 $18) 30. Qd7 Ba6 $2 {[%mdl 8192] [#]} (30... Rg8 $11 31. Qxb7 Rg7 32. Qc8+ Rg8) 31. Rg4 $1 {[%mdl 512]} Qh6+ 32. Rh4 Qg6 {[#]} 33. Rg4 $1 $40 {[%mdl 640] Black needs to defend precisely.} Qh6+ 34. Rh4 {[%cal Bg4h4,Bh4h5,Bh5g5][%mdl 32]} Qg6 {[#]} 35. Rf7 $1 {[%cal Rf7h7]} h5 {[#] Hoping for ...Be2.} 36. Rf6 $3 {[%mdl 512]} Qb1+ $2 (36... Qxf6 37. Rxh5+ Kg8 38. Qh7+ Kf8) 37. Kh2 $18 Ne7 38. Rxh5+ {White mates.} Kg7 39. Qe6 {[%csl Gf6][%cal Re6f7]} Rf8 40. Rg5+ {Precision: White = 62%, Black = 40%.} 1-0

[Event "13th Agzamov Memorial 2019"]
[Site "Tashkent"]
[Date "2019.03.17"]
[Round "8.9"]
[White "Sitnikov, Anton"]
[Black "Nigmatov, Ortik"]
[Result "0-1"]
[WhiteElo "2409"]
[BlackElo "2478"]
[Annotator "TA"]
[PlyCount "66"]
[EventDate "2019.03.12"]
[EventType "swiss"]
[EventCountry "UZB"]
[SourceTitle "playchess.com"]
[Source "ChessBase"]
[SourceQuality "1"]

{[%evp 17,66,16,23,-1,0,-32,-28,-42,-38,-57,-48,-54,-54,-52,-47,-72,-61,-93,-77,-68,-57,-125,-113,-203,-206,-247,-197,-208,-202,-227,-228,-251,-235,-309,-310,-320,-316,-342,-312,-720,-539,-1091,-1091,-2570,-2302,-29988,-1604,-29993,-29994,-29994,-29980]} 1. e4 c5 2. Nc3 d6 3. Nge2 Nf6 4. d4 cxd4 5. Nxd4 a6 6. g3 e5 7. Nb3 Be7 8. Bg2 O-O 9. O-O Be6 10. h3 {B91: Sicilian Najdorf: 6 g3} (10. Re1 Nbd7 11. Nd2 b5 12. Nf1 Bg4 13. f3 Be6 14. Ne3 Rc8 15. a3 Nb6 16. f4 Re8 17. Kh1 Bf8 {0-1 (42) Naiditsch,A (2701)-Carlsen,M (2843) Karlsruhe/Baden-Baden 2018}) 10... Nbd7 11. Nd5 $146 ({Predecessor:} 11. a4 b6 12. Nd5 Bxd5 13. exd5 Qc7 14. Be3 Rfc8 15. c3 Qc4 16. Re1 Bd8 17. Nd2 Qc7 {½-½ (26) Motylev,A (2653)-Kovchan,A (2583) Al Ain 2015}) 11... Nxd5 12. exd5 {Black has an edge.} Bf5 13. f4 Qb6+ 14. Kh2 {And now g4 would win.} exf4 15. Bxf4 Bf6 16. g4 Bg6 17. c3 Rfe8 18. Qd2 Ne5 19. Rae1 (19. Bg3 $15) 19... Bh4 $17 20. Re3 {[#]} (20. Bg3 $17 {was worth a try.} Bxg3+ 21. Kxg3) 20... Nc4 $1 $19 {[%cal Rc4d2]} 21. Rxe8+ Rxe8 22. Qd4 Qc7 23. Bc1 h6 24. Bf3 b5 25. Rg1 Qe7 26. Bf4 Bg5 ({Don't play} 26... Nxb2 27. Na5 $19) 27. Bxg5 Qxg5 ({Weaker is} 27... hxg5 28. Rg2 $17) 28. Rg2 $2 (28. Qf2) 28... Re3 29. Rf2 Rd3 30. Qa7 Qf4+ 31. Kg2 Ne3+ (31... Be4 $142 32. Nd2 Nxd2 33. Qb8+ Kh7 34. Bxe4+ Qxe4+ {[%mdl 64] Double Attack} 35. Kh2 Qe5+ 36. Kg1 Qg3+ {[%mdl 64] Double Attack} 37. Kh1 Qxf2 38. Qh8+ Kxh8 39. b4 Rxh3#) 32. Kh1 {[#]} Rd1+ $1 {[%mdl 512]} 33. Bxd1 Qxf2 {Accuracy: White = 17%, Black = 85%.} 0-1

[Event "13th Agzamov Memorial 2019"]
[Site "Tashkent"]
[Date "2019.03.17"]
[Round "8.10"]
[White "Mirzoev, Azer"]
[Black "Mishuchkov, Nikolai M."]
[Result "0-1"]
[WhiteElo "2477"]
[BlackElo "2292"]
[Annotator "TA"]
[PlyCount "118"]
[EventDate "2019.03.12"]
[EventType "swiss"]
[EventCountry "UZB"]
[SourceTitle "playchess.com"]
[Source "ChessBase"]
[SourceQuality "1"]

{[%evp 18,118,0,-8,49,55,44,62,64,64,82,80,89,54,72,62,82,63,77,84,86,89,83,90,100,87,94,89,86,89,102,95,96,75,79,83,122,122,122,122,129,122,129,58,62,64,61,66,65,65,65,65,66,65,94,56,62,33,72,12,34,34,34,27,64,64,61,61,43,56,64,2,11,0,0,0,0,-64,-61,-172,-67,-175,-110,-102,-59,-60,0,-107,-98,-185,-174,-253,-253,-236,-236,-6079,-6079,-6079,-6079,-5577,-5289,-1975,-1950]} 1. d4 Nf6 2. c4 e6 3. Nc3 Bb4 4. Qc2 O-O 5. a3 Bxc3+ 6. Qxc3 d6 7. Bg5 Nbd7 8. e3 b6 9. Bd3 Bb7 10. f3 d5 {E32: Nimzo-Indian: Classical (4 Qc2): 4...0-0} (10... h6 $11 11. Bxf6 Qxf6) 11. cxd5 $14 exd5 12. Ne2 h6 {White is slightly better.} 13. Bh4 c5 14. O-O Qe7 15. Bf2 {[#]} a5 $146 ({Predecessor:} 15... Rac8 16. Qd2 {1-0 (56) Sjugirov,S (2663)-Sarana,A (2618) St Petersburg 2018}) 16. Rfe1 Ba6 17. Bf5 Bxe2 18. Rxe2 cxd4 19. Qxd4 Qe5 20. Qxe5 Nxe5 21. Rd1 b5 22. Be1 Nc4 23. Bc3 Rfd8 24. Kf2 Ne8 25. g4 Nc7 26. h4 b4 27. axb4 axb4 28. Bxb4 Rab8 29. Bc3 Nb5 30. Bd3 (30. h5 $16) 30... Nxc3 31. bxc3 Nb2 32. Rdd2 Na4 $1 33. Rc2 Rb3 34. Red2 {c4 is the strong threat.} Nxc3 {[#]} 35. Bc4 $1 {[%cal Rc4b3][%mdl 576] Pin} Ra3 (35... dxc4 36. Rxd8+) 36. e4 {[%cal Re4d5]} d4 37. Rd3 Nb1 38. Bb3 ({White should try} 38. Rb2 $16 Rxd3 39. Bxd3) 38... Kf8 39. Rc1 Nd2 $1 {[%cal Rd2b3]} 40. Bc2 Nc4 41. Rxa3 Nxa3 {[%mdl 4096] Endgame KRB-KRN} 42. Bd3 Rb8 43. e5 Rb2+ 44. Ke1 (44. Kg3 $14) 44... Rb3 $11 45. Rc8+ Ke7 46. Be4 Rc3 47. Rg8 (47. Rxc3 $11 dxc3 48. f4) 47... Nc4 $15 {Strongly threatening ...d3.} 48. Ke2 (48. Kf2 $15) 48... g6 ({Better is} 48... Re3+ $19 49. Kd1 d3) 49. Ra8 (49. Rc8 $15) 49... Nxe5 (49... Re3+ $19 50. Kd1 d3) 50. Ra7+ $17 Kd6 {Hoping for ...Re3+.} 51. Ra6+ Ke7 52. Ra7+ Kf8 53. Ra8+ (53. Bd5 $17) 53... Kg7 $19 54. Re8 (54. Bd5 {was called for.}) 54... Re3+ 55. Kf2 {[#]} Nxf3 $1 {[%mdl 576] Pin} 56. Bc6 $2 (56. Rd8 Ne5 57. Rxd4 Nxg4+ 58. Kg2) (56. Bxf3 Rxe8) 56... Rxe8 {Black is clearly winning.} 57. Bxe8 Nxh4 58. Ke2 Kf6 59. Kd3 Nf3 {Accuracy: White = 46%, Black = 55%.} 0-1

[Event "13th Agzamov Memorial 2019"]
[Site "Tashkent"]
[Date "2019.03.17"]
[Round "8.11"]
[White "Kasimov, Ali"]
[Black "Papin, Vasily"]
[Result "1/2-1/2"]
[WhiteElo "2167"]
[BlackElo "2496"]
[Annotator "ChessBase"]
[PlyCount "84"]
[EventDate "2019.03.12"]
[EventType "swiss"]
[EventCountry "UZB"]
[SourceTitle "playchess.com"]
[Source "ChessBase"]
[SourceQuality "1"]
[TimeControl "5400+30"]

1. e4 {[%emt 0:00:00]} c5 {[%emt 0:00:00]} 2. Nf3 {[%emt 0:00:29]} Nc6 {[%emt 0:00:00]} 3. Bb5 {[%emt 0:00:47]} Na5 {[%emt 0:00:00]} 4. c3 {[%emt 0:01:36]} a6 {[%emt 0:00:03]} 5. Ba4 {[%emt 0:01:06]} e6 {[%emt 0:00:05]} 6. O-O {[%emt 0:02:50]} b5 {[%emt 0:00:09]} 7. Bc2 {[%emt 0:00:08]} Bb7 {[%emt 0:00:03]} 8. d4 {[%emt 0:01:28]} cxd4 {[%emt 0:00:30]} 9. cxd4 {[%emt 0:00:36]} Rc8 {[%emt 0:01:06]} 10. Nc3 {[%emt 0:05:52]} Qc7 {[%emt 0:01:55]} 11. Bd3 {[%emt 0:05:17]} Nf6 {[%emt 0:01:27]} 12. Re1 {[%emt 0:02:59]} h6 {[%emt 0:07:10]} 13. a3 {[%emt 0:11:16]} Be7 {[%emt 0:15:24]} 14. Re2 Qb8 15. Bd2 {[%emt 0:05:58]} Nc4 {[%emt 0:01:20]} 16. Be1 {[%emt 0:01:30]} g5 {[%emt 0:03:52]} 17. Bxc4 {[%emt 0:06:14]} Rxc4 {[%emt 0:01:45]} 18. Ne5 {[%emt 0:00:48]} Rc8 {[%emt 0:06:14]} 19. f3 {[%emt 0:00:30]} d6 {[%emt 0:00:30]} 20. Nd3 g4 {[%emt 0:01:08]} 21. fxg4 {[%emt 0:09:05]} Nxg4 {[%emt 0:00:53]} 22. h3 {[%emt 0:03:11]} Nf6 {[%emt 0:07:41]} 23. d5 {[%emt 0:01:23]} Rg8 {[%emt 0:00:30]} 24. Nf4 {[%emt 0:02:08]} e5 {[%emt 0:06:17]} 25. Nd3 {[%emt 0:00:15]} Rc4 {[%emt 0:07:04]} 26. Bf2 {[%emt 0:03:13]} a5 {[%emt 0:07:06]} 27. Qe1 {[%emt 0:06:22]} b4 {[%emt 0:09:22]} 28. axb4 {[%emt 0:00:17]} axb4 {[%emt 0:00:02]} 29. Na4 {[%emt 0:00:53]} Qc8 {[%emt 0:14:11]} 30. Kf1 {[%emt 0:04:06]} Nxd5 {[%emt 0:05:19]} 31. b3 {[%emt 0:09:27]} Rc2 {[%emt 0:01:25]} 32. exd5 {[%emt 0:00:49]} Bxd5 {[%emt 0:00:16]} 33. g4 {[%emt 0:02:02]} Rxg4 {[%emt 0:03:06]} 34. hxg4 {[%emt 0:01:45]} Qxg4 {[%emt 0:00:03]} 35. Rxc2 {[%emt 0:00:54]} Qh3+ {[%emt 0:00:56]} 36. Ke2 {[%emt 0:00:28]} Bg5 {[%emt 0:00:01]} 37. Nxb4 {[%emt 0:09:40]} Qf3+ {[%emt 0:00:53]} 38. Kf1 {[%emt 0:00:13]} Qg2+ {[%emt 0:00:02]} 39. Ke2 {[%emt 0:00:10]} Qf3+ {[%emt 0:00:31]} 40. Kf1 {[%emt 0:00:20]} Qh1+ {[%emt 0:01:01]} 41. Ke2 {[%emt 0:00:38]} Qf3+ {[%emt 0:00:25]} 42. Kf1 {[%emt 0:00:08]} Qg2+ {[%emt 0:00:34]} 1/2-1/2

[Event "13th Agzamov Memorial 2019"]
[Site "Tashkent"]
[Date "2019.03.17"]
[Round "8.12"]
[White "Urazayev, Arystanbek"]
[Black "Turaev, Hairilla"]
[Result "1-0"]
[WhiteElo "2450"]
[BlackElo "2316"]
[Annotator "TA"]
[PlyCount "65"]
[EventDate "2019.03.12"]
[EventType "swiss"]
[EventCountry "UZB"]
[SourceTitle "playchess.com"]
[Source "ChessBase"]
[SourceQuality "1"]

{[%evp 15,65,43,36,34,58,61,64,38,60,32,60,52,75,69,73,71,72,44,61,42,54,41,33,36,68,59,111,0,11,-18,8,0,0,0,88,79,102,77,687,686,675,661,643,538,700,675,927,927,914,913,29987,29988]} 1. e4 c5 2. Nf3 Nc6 3. Bb5 Na5 4. O-O a6 5. Be2 d6 6. d4 {B30: Sicilian: 2...Nc6 3 Bb5, lines without ...g6} cxd4 7. Nxd4 Nf6 8. Nc3 e6 {LiveBook: 12 Games} 9. Qd3 $146 ({Predecessor:} 9. f4 Be7 10. e5 dxe5 11. fxe5 Bc5 12. Be3 {1-0 (55) Kurnosov,I (2657)-Rakhmanov,A (2602) Khanty-Mansiysk 2013}) 9... Qc7 10. Qg3 Bd7 11. a4 h6 12. Kh1 Nc4 13. b3 Ne5 14. f4 Nc6 15. Nxc6 Bxc6 16. Bd3 h5 17. Bb2 h4 18. Qh3 Be7 19. Rae1 O-O-O 20. b4 $1 Bd7 {[#]} (20... Nh5 $1 $14) 21. e5 ({Better is} 21. b5 $1 $16) 21... Nh5 $11 {And now ...dxe5 would win.} 22. Ne4 d5 (22... Ng3+ $5 23. Nxg3 (23. hxg3 $2 hxg3 24. b5 axb5 $19) 23... hxg3 24. Qxg3 Bh4 25. Qxg7 Bxe1 26. Rxe1 Bxa4 $11) 23. Nd6+ Bxd6 24. exd6 Qb6 (24... Qxd6 $11 {remains equal.} 25. Be5 Qxb4) 25. Qxh4 $16 Nf6 26. Qg3 $36 {[%mdl 2048] White is really pushing.} Rh7 $2 {[%mdl 8192] [#]} (26... Qxb4 $16 27. Be5 Rdg8) 27. Bxf6 $18 Rxh2+ 28. Kxh2 gxf6 29. Qf2 d4 30. Re4 e5 31. fxe5 fxe5 32. Qf6 Bc6 33. Rxe5 {Precision: White = 61%, Black = 43%.} 1-0

[Event "13th Agzamov Memorial 2019"]
[Site "Tashkent"]
[Date "2019.03.18"]
[Round "9.1"]
[White "Saydaliev, Saidakbar"]
[Black "Fedorov, Alexei"]
[Result "0-1"]
[WhiteElo "2390"]
[BlackElo "2552"]
[Annotator "TA"]
[PlyCount "46"]
[EventDate "2019.03.12"]
[EventType "swiss"]
[EventCountry "UZB"]
[SourceTitle "playchess.com"]
[Source "ChessBase"]
[SourceQuality "1"]

{[%evp 14,46,31,39,45,-19,-26,-88,-84,-194,-198,-202,-194,-206,-200,-231,-233,-323,-319,-479,-498,-490,-459,-445,-459,-455,-391,-542,-433,-609,-620,-598,-549,-812,-702]} 1. d4 Nf6 2. c4 g6 3. Nc3 Bg7 4. Nf3 d6 5. g3 O-O 6. Bg2 Nc6 7. O-O Bf5 8. Ne1 Bd7 {E62: King's Indian: Fianchetto: 6...c6 and Panno Variation (6...Nc6) without ...a6} 9. h3 ({White should play} 9. Nc2 $14) 9... Qc8 $146 ({Predecessor:} 9... e5 10. d5 Ne7 11. Nd3 b6 12. e4 Ne8 13. b4 a5 14. bxa5 Rxa5 15. a4 f5 16. Bd2 {1-0 (47) Wang,H (2717)-Fressinet,L (2700) Huaian 2016}) 10. Kh2 {[#]} (10. h4 $11 {remains equal.}) 10... Nxd4 $1 $17 {[%mdl 512] Black is better.} 11. Qxd4 (11. e3 $17 {was worth a try.} Nc6 12. e4) 11... Ng4+ $1 $19 12. Qxg4 Bxg4 13. hxg4 Qxg4 14. Bxb7 Bxc3 ({Not} 14... Qxc4 15. Bd5 $15) 15. Bf3 Qxc4 16. bxc3 (16. Bxa8 $142 Bxe1 17. Bf3) 16... Qxc3 17. Rb1 Rab8 18. Rxb8 Rxb8 19. Nd3 Rb1 20. Kg2 c5 {Black is clearly winning.} 21. Bg5 (21. Bd2 $142 Qc2 22. Rxb1 Qxb1 23. Nc1) 21... Rxf1 22. Kxf1 c4 23. Nc1 {[#]} d5 $1 {Accuracy: White = 17%, Black = 78%.} 0-1